| 000 | 02253nam0a2200397 i 4500 | ||
|---|---|---|---|
| 001 | RU\NLR\BIBL_A\010865850 | ||
| 005 | 20260405210539.0 | ||
| 010 |
_a9785704615743 _980 |
||
| 021 |
_aRU _b2015-72781 _94372 |
||
| 035 | _a(NILC)RuMoRGB-008024338 | ||
| 035 | _a(NLR Aleph) 010865850 | ||
| 090 |
_a10444011 _c10444011 |
||
| 100 | _a20151021d2015 um y0rusy50 ca | ||
| 101 | 0 | _arus | |
| 102 | _aRU | ||
| 105 | _aa|||z||||01yy | ||
| 200 | 1 |
_aФотометрические и оптические характеристики тел и сред _eучебное пособие по курсу "Основы светотехники" для студентов, обучающихся по направлению "Электроника и наноэлектроника" _fА. А. Григорьев _gМ-во образования и науки Российской Федерации, Нац. исслед. ун-т "МЭИ" |
|
| 210 |
_aМосква _cИзд-во МЭИ _d2015 |
||
| 215 |
_a80 с. _cил. _d20 |
||
| 313 | _aРасмотрены принципы работы светодиодных источников излучения | ||
| 320 | _aБиблиогр.: с. 79 (8 назв.) | ||
| 606 |
_aФотометрия _jУчебные издания для высших учебных заведений _91086847 _3RU\NLR\AUTH\66106729 |
||
| 606 |
_aФизическая оптика _jУчебные издания для высших учебных заведений _91457565 _3RU\NLR\AUTH\66308423 |
||
| 606 | 1 |
_aЛюминесценция _jУчебные издания для высших учебных заведений _9902291 _3RU\NLR\AUTH\668182 |
|
| 606 |
_aСветодиоды _jУчебные издания для высших учебных заведений _92105673 _3RU\NLR\AUTH\661273022 |
||
| 675 | _a535 | ||
| 686 | 1 | _aВ343я73-1 | |
| 686 | 1 | _aВ345я73-1 | |
| 686 | 1 | _aВ341.3я73-1 | |
| 686 | 1 | _aЗ854.22я73-1 | |
| 700 | 1 |
_8rus _7ca _aГригорьев _bА. А. _cд-р техн. наук _f1949- _gАндрей Андреевич _3RU\NLR\AUTH\7793700 _976626 |
|
| 801 | 0 |
_aRU _bРГБ _c20150921 _gRCR |
|
| 942 | _cBOOK | ||
| 980 | _aNBR | ||